Prevodový mostík účtov z roku 2002 do roku 2003 v účtovníctve podnikateľov
Gespeichert in:
| 1. Verfasser: | |
|---|---|
| Weitere Verfasser: | |
| Format: | Buch |
| Sprache: | Slowakisch |
| Veröffentlicht: |
Bratislava
Súvaha
2003
|
| Schlagworte: | |
| Tags: |
Keine Tags, Fügen Sie das erste Tag hinzu!
|
MARC
| LEADER | 00000nam a2200000 4500 | ||
|---|---|---|---|
| 001 | c142578 | ||
| 005 | 20221108125242.7 | ||
| 020 | |a 80-88727-57-X | ||
| 041 | 0 | |a slo | |
| 044 | |a SK | ||
| 245 | 1 | 0 | |a Prevodový mostík účtov z roku 2002 do roku 2003 v účtovníctve podnikateľov |c Ján Bolgáč - Ladislav Kareš |
| 264 | 1 | |a Bratislava |b Súvaha |c 2003 | |
| 300 | |a 30 s. | ||
| 610 | 2 | 0 | |a účty |
| 610 | 2 | 0 | |a účtovníctvo |
| 610 | 2 | 0 | |a podnikatelia |
| 610 | 2 | 0 | |a súvaha |
| 610 | 2 | 0 | |a účtovníctvo podvojné |
| 610 | 2 | 0 | |a osnova účtová |
| 610 | 2 | 0 | |a zákony |
| 610 | 2 | 0 | |a Slovensko |
| 100 | 1 | |a Bolgáč, Ján, 1959- | |
| 700 | 1 | |a Kareš, Ladislav | |